|
|
|
|
| LEADER |
01430nam a2200397Ia 4500 |
| 001 |
EBC169394 |
| 003 |
MiAaPQ |
| 005 |
20200520144314.0 |
| 006 |
m o d | |
| 007 |
cr cn||||||||| |
| 008 |
020918s2003 enk sb 001 0 eng d |
| 010 |
|
|
|z 2002033314
|
| 015 |
|
|
|a GBA2-T7608
|
| 020 |
|
|
|z 0203380215
|
| 020 |
|
|
|z 0415153425 (hb)
|
| 035 |
|
|
|a (MiAaPQ)EBC169394
|
| 035 |
|
|
|a (Au-PeEL)EBL169394
|
| 035 |
|
|
|a (CaPaEBR)ebr10100350
|
| 035 |
|
|
|a (CaONFJC)MIL7242
|
| 035 |
|
|
|a (OCoLC)53161490
|
| 040 |
|
|
|a MiAaPQ
|c MiAaPQ
|d MiAaPQ
|
| 050 |
|
4 |
|a HB615
|b .H337 2003
|
| 100 |
1 |
|
|a Harper, David A.
|
| 245 |
1 |
0 |
|a Foundations of entrepreneurship and economic development
|h [electronic resource] /
|c David A. Harper.
|
| 260 |
|
|
|a London ;
|a New York :
|b Routledge,
|c 2003.
|
| 300 |
|
|
|a xii, 276 p.
|
| 490 |
1 |
|
|a Foundations of the market economy
|
| 504 |
|
|
|a Includes bibliographical references (p. [241]-267) and index.
|
| 533 |
|
|
|a Electronic reproduction. Ann Arbor, MI : ProQuest, 2015. Available via World Wide Web. Access may be limited to ProQuest affiliated libraries.
|
| 650 |
|
0 |
|a Entrepreneurship.
|
| 650 |
|
0 |
|a New business enterprises.
|
| 650 |
|
0 |
|a Economic development.
|
| 655 |
|
4 |
|a Electronic books.
|
| 710 |
2 |
|
|a ProQuest (Firm)
|
| 830 |
|
0 |
|a Foundations of the market economy series.
|
| 856 |
4 |
0 |
|u https://ebookcentral.proquest.com/lib/matrademy/detail.action?docID=169394
|z Click to View
|